| 000 | 00544nam a2200181Ia 4500 | ||
|---|---|---|---|
| 003 | GCL | ||
| 008 | 140319s9999 xx 000 0 ara d | ||
| 040 |
_aGCL / _cGCL |
||
| 082 | 0 | 4 |
_a2554.4 _bا ل |
| 100 | 1 | _aاحمد محمد شاكر | |
| 245 | 1 | 0 |
_aكلمة الفصل فى قتل مدمنى الخمر / _cاحمد محمد شاكر |
| 700 | 1 | _aاحمد عبدالحميد عشوش | |
| 260 |
_a[S.N] : _bمكتبة الشباب ، _c1989 |
||
| 300 | _a96 ص | ||
| 490 | _a | ||
| 650 | 0 | 4 | _aالقران - احكام |
| 942 |
_2ddc _cBK |
||
| 999 |
_c35877 _d35877 |
||